El personaje misterioso #3 - Estadísticas

Estadísticas generales
  • Esta prueba ha sido intentada 121 veces
    70 desde el último reinicio
  • La puntuación promedio es 7 de 9
Estadísticas de respuestas
Hint Respuesta % Correcto
Su nombre empieza por la letra E
100%
Color de pelo pelirrojo, aunque se tiñe de rubia. Ella no es nada roja en lo que a política se refiere
97%
Idiomas español, inglés, francés e italiano
95%
Ciudad donde nació (empieza por M) Madrid
94%
Mascota Su perro Pecas Aguirre, que tiene cuenta de twitter
87%
Religión católica
79%
Ideología política derecha liberal/ Corrupción (ya que bajo su mandato se destapó la financiación ilegal de su partido)
79%
NOMBRE Esperanza Aguirre
56%
Título nobiliario Ostenta el título nobiliario de condesa consorte de Bornos y ostentó el de condesa consorte de Murillo (hasta la renuncia de su marido en 2013). ​ Es grande de España.
55%
No se encontraron pruebas coincidentes
Distribución de puntuación
Porcentaje de gente con cada puntuación
Porcentaje por número respondido
Historial de tus puntuaciones
No has intentado esta prueba desde el último reinicio